Land vs. Land #152 - Statistiken

Allgemein
  • Dieses Quiz wurde 12 mal gespielt
  • Das Durchschnittsergebnis liegt bei 10 aus 14
Antwortstatistiken
Frage Antwort % Korrekt
...Fläche? Thailand🇹🇭
100%
...Einwohner? Thailand🇹🇭
100%
...Militär? Thailand🇹🇭
100%
...Tourismus? Thailand🇹🇭
100%
...Exportmengen? Thailand🇹🇭
90%
...Bruttoinlandsprodukt pro Kopf? Bahamas🇧🇸
80%
...Bruttoinlandsprodukt? Thailand🇹🇭
80%
...Gewinner? Thailand🇹🇭
80%
...Gesundheitswesen? Bahamas🇧🇸
70%
...HDI (Human Development Index)? Bahamas🇧🇸
60%
...durchschnittlicher IQ? Thailand🇹🇭
50%
...Lebenserwartung? Thailand🇹🇭
20%
...Happy Planet Index? Thailand🇹🇭
10%
...Frieden? Thailand🇹🇭
10%
Keine übereinstimmenden Quizze gefunden
Verteilung der Resultate
Anzahl Personen mit jedem Resultat
Perzentil nach korrekt beantworteten Fragen
Ihre Resultats-Entwicklung
Sie haben dieses Quiz noch nicht gespielt